| 000 | 00356nam a2200133Ia 4500 | ||
|---|---|---|---|
| 005 | 20251222141849.0 | ||
| 008 | 251222s9999||||xx |||||||||||||| ||spa|| | ||
| 082 | _a633.74/G23 | ||
| 100 | _aGarcía Carrión, Luis Fernando | ||
| 245 | 0 | _aCatálogo de Cultivares de Cacao del Perú | |
| 250 | _a1ra.ed. | ||
| 264 | _bMinisterio de Agricultura | ||
| 942 | _cLIB | ||
| 999 |
_c7677 _d7677 |
||